[Event "FRA Team Ch"]
[Site "Bordeaux"]
[Date "2001.03.30"]
[Round "5.4"]
[White "Mellado Trivino, Juan"]
[Black "Giffard, Nicolas"]
[Result "1/2-1/2"]
[WhiteElo "2460"]
[BlackElo "2393"]
[Annotator "Orange - Drancy"]
[PlyCount "29"]
[EventDate "2001.??.??"]

1. e4 c6 2. d4 d5 3. exd5 cxd5 4. c4 dxc4 5. Bxc4 Qc7 6. Bb3 Bg4 7. Nf3 Bxf3 8.
Qxf3 Qxc1+ 9. Ke2 Qxb2+ 10. Nd2 Nc6 11. Qxf7+ Kd7 12. Qd5+ Ke8 13. Qf7+ Kd7 14.
Qd5+ Ke8 15. Qf7+ 1/2-1/2

[Event "FRA Team Ch"]
[Site "Bordeaux"]
[Date "2001.03.30"]
[Round "5.5"]
[White "Salaun, Yann"]
[Black "Guadalpi, David"]
[Result "1/2-1/2"]
[WhiteElo "2282"]
[BlackElo "2391"]
[Annotator "Drancy - Orange"]
[PlyCount "65"]
[EventDate "2001.??.??"]

1. e4 d6 2. d4 Nf6 3. Nc3 Nbd7 4. Nf3 e5 5. g3 Be7 6. Bg2 c6 7. O-O O-O 8. a4
b6 9. h3 a6 10. Be3 Bb7 11. Nd2 b5 12. f4 exd4 13. Bxd4 b4 14. Ne2 d5 15. e5
Ne8 16. c4 Nc7 17. cxd5 cxd5 18. Nb3 Ne6 19. Rc1 Rc8 20. Qd2 Ba8 21. Kh2 Rc4
22. Be3 Ndc5 23. Nxc5 Nxc5 24. Bxc5 Bxc5 25. b3 Rxc1 26. Rxc1 Qb6 27. Qc2 Be3
28. Qc7 Qg6 29. Rd1 Qh5 30. g4 Qh6 31. Rf1 d4 32. Bxa8 Rxa8 33. f5 1/2-1/2

[Event "FRA Team Ch"]
[Site "Bordeaux"]
[Date "2001.03.30"]
[Round "5.6"]
[White "Goldgewicht, Lionel"]
[Black "Doornbos, Yann"]
[Result "1/2-1/2"]
[WhiteElo "2345"]
[BlackElo "2359"]
[Annotator "Orange - Drancy"]
[PlyCount "106"]
[EventDate "2001.??.??"]

1. e4 e6 2. d4 d5 3. Nc3 Bb4 4. e5 c5 5. Bd2 Ne7 6. a3 Bxc3 7. Bxc3 Nbc6 8. Nf3
cxd4 9. Nxd4 Nxe5 10. Nxe6 Bxe6 11. Bxe5 O-O 12. Bd3 Nc6 13. Bg3 Qf6 14. Rb1
Bf5 15. O-O Bxd3 16. Qxd3 Rad8 17. Rfe1 h5 18. h4 Rd7 19. Re3 Re7 20. Qxd5 Rxe3
21. fxe3 Qg6 22. Kh2 Qxc2 23. Rf1 Qg6 24. Qd7 Rd8 25. Qxb7 Rd2 26. b4 Nd8 27.
Qe7 Qc2 28. Rf2 Rxf2 29. Bxf2 Qxf2 30. Qxd8+ Kh7 31. Qd4 a6 32. Qe4+ g6 33. a4
Qa2 34. b5 axb5 35. axb5 Qb3 36. Qe5 Kg8 37. Qc5 Qa4 38. Qg5 Qa5 39. Qe5 Qb4
40. Qg5 Qa5 41. Kh3 Qb6 42. Qe5 Qd8 43. Kg3 Qa5 44. Kf4 Kh7 45. g3 Qe1 46. Ke4
Qb4+ 47. Kf3 Qb1 48. Kg2 Qc2+ 49. Kf3 Qb1 50. Kf4 Qf1+ 51. Ke4 Qc4+ 52. Kf3
Qf1+ 53. Ke4 Qc4+ 1/2-1/2

[Event "FRA Team Ch"]
[Site "Bordeaux"]
[Date "2001.03.30"]
[Round "5.7"]
[White "Borne, Niels"]
[Black "Guidarelli, Laurent"]
[Result "0-1"]
[WhiteElo "2322"]
[BlackElo "2297"]
[Annotator "Drancy - Orange"]
[PlyCount "102"]
[EventDate "2001.??.??"]

1. d4 Nf6 2. c4 c5 3. d5 b5 4. cxb5 a6 5. b6 e6 6. Nc3 Nxd5 7. Nxd5 exd5 8.
Qxd5 Nc6 9. e4 Be7 10. Bd2 Qxb6 11. Bc3 O-O 12. Nf3 Nb4 13. Qd2 Qe6 14. a3
Qxe4+ 15. Kd1 Nd5 16. Be5 Qa4+ 17. Kc1 Bb7 18. Bd3 d6 19. Bc2 Qc6 20. Bg3 Nf6
21. Re1 Rfe8 22. Bh4 d5 23. Ne5 Qb6 24. Qf4 Qe6 25. Bf5 Qd6 26. g4 Rf8 27. a4
Bc8 28. Ra3 Bxf5 29. gxf5 Nh5 30. Bxe7 Qxe7 31. Qg4 Nf6 32. Qg5 h6 33. Qh4 Rae8
34. f4 Nd7 35. Qg3 f6 36. Nf3 Qd6 37. Rg1 Rf7 38. h4 Re4 39. Nd2 Qxf4 40. Qg2
Rc4+ 41. Kd1 Rd4 42. Rg3 Kf8 43. Kc1 Ne5 44. Rxg7 Qxd2+ 45. Qxd2 Rxd2 46. Rg8+
Ke7 47. Kxd2 Nf3+ 48. Ke3 Nxg1 49. Rxg1 Kd6 50. Kf4 Rb7 51. Re1 Re7 0-1

[Event "FRA Team Ch"]
[Site "Bordeaux"]
[Date "2001.03.30"]
[Round "5.8"]
[White "Gachon, Lionel"]
[Black "Moracchini, Fabrice"]
[Result "1/2-1/2"]
[WhiteElo "2237"]
[BlackElo "2316"]
[Annotator "Orange - Drancy"]
[PlyCount "115"]
[EventDate "2001.??.??"]

1. Nf3 Nf6 2. g3 g6 3. b3 Bg7 4. Bb2 d6 5. d4 Nbd7 6. Bg2 O-O 7. O-O e5 8. dxe5
Ng4 9. Nc3 dxe5 10. e4 c6 11. Nd2 Nb6 12. a4 a5 13. h3 Nh6 14. Qe2 Be6 15. Nd1
Qd7 16. Kh2 Rfd8 17. Nf3 f6 18. Ne3 Nf7 19. Rad1 Qe7 20. Rxd8+ Rxd8 21. Rd1
Rxd1 22. Qxd1 Nd7 23. Bf1 Qc5 24. Kg1 Nd6 25. Nd2 Bh6 26. Nec4 b5 27. Ba3 b4
28. Bb2 Nb6 29. Nxb6 Qxb6 30. Bd3 Bxd2 31. Qxd2 Bxh3 32. Kh2 Be6 33. f4 Nf7 34.
Qe2 Qc5 35. Bc1 Qd6 36. Qf2 Bxb3 37. Qb6 Be6 38. Qxa5 Qd4 39. Kg2 c5 40. Qb6 c4
41. Qxd4 exd4 42. Be2 Nd6 43. Bf3 Nb7 44. f5 Bd7 45. e5 Na5 46. Bd5+ Kg7 47. e6
Bxa4 48. e7 d3 49. cxd3 c3 50. Be3 b3 51. Bd4 b2 52. Ba2 Bc6+ 53. Kf2 Bd7 54.
Bxc3 Nc6 55. fxg6 hxg6 56. Bxb2 Nxe7 57. Ba3 Nf5 58. Bc5 1/2-1/2

[Event "FRA Team Ch"]
[Site "Bordeaux"]
[Date "2001.03.30"]
[Round "5.9"]
[White "Dewitte, Catherine"]
[Black "Dacalor, Aurelie"]
[Result "1/2-1/2"]
[WhiteElo "2162"]
[BlackElo "2016"]
[Annotator "Drancy - Orange"]
[PlyCount "87"]
[EventDate "2001.??.??"]

1. d4 d6 2. Nf3 Bg4 3. c3 Nd7 4. g3 g6 5. Bg2 c6 6. Qb3 Qb6 7. Ng5 Qxb3 8. axb3
Nb6 9. h3 Bd7 10. O-O Bg7 11. e4 a6 12. Be3 d5 13. Nd2 dxe4 14. Ngxe4 Nd5 15.
Bg5 h6 16. Be3 Nxe3 17. fxe3 Nf6 18. Nc5 Rb8 19. Nc4 O-O 20. e4 Be8 21. Nb6 Rd8
22. e5 Nh7 23. b4 Ng5 24. b5 axb5 25. Ra7 Ne6 26. Nxe6 fxe6 27. Rxb7 Rxf1+ 28.
Kxf1 c5 29. Rxe7 cxd4 30. cxd4 Kf8 31. Rxe6 Rxd4 32. Bc6 Bf7 33. Nd7+ Kg8 34.
Re7 Bc4+ 35. Ke1 Rd3 36. Nf6+ Bxf6 37. exf6 Rxg3 38. Rg7+ Kf8 39. Kf2 Rg5 40.
Be4 Bf7 41. h4 Rg4 42. Kf3 Rxh4 43. Rh7 Kg8 44. Rg7+ 1/2-1/2

[Event "FRA Team Ch"]
[Site "Mulhouse"]
[Date "2001.03.31"]
[Round "6.4"]
[White "Koch, Jean-Rene"]
[Black "Nataf, Igor-Alexandre"]
[Result "1/2-1/2"]
[WhiteElo "2507"]
[BlackElo "2552"]
[Annotator "Mulhouse - Clichy"]
[PlyCount "59"]
[EventDate "2001.03.??"]

1. e4 c5 2. Nc3 Nc6 3. g3 g6 4. d3 Bg7 5. Be3 d6 6. Bg2 e5 7. Qd2 Nge7 8. f4
O-O 9. Nh3 Nd4 10. O-O Bg4 11. Ng5 h6 12. Nf3 exf4 13. gxf4 Bxf3 14. Bxf3 Nxf3+
15. Rxf3 f5 16. Rg3 Kh7 17. Nd1 Qd7 18. c4 Qe6 19. Nf2 Nc6 20. Re1 Nd4 21. b3
Rae8 22. Kh1 Bf6 23. Bxd4 Bxd4 24. Nh3 Qf7 25. Qg2 Re6 26. Qf3 Rfe8 27. Rg2 b6
28. Ree2 Qe7 29. Qg3 Qf6 30. Qf3 1/2-1/2

[Event "FRA Team Ch"]
[Site "Mulhouse"]
[Date "2001.03.31"]
[Round "6.5"]
[White "Hebden, Mark"]
[Black "Benitah, Yohan"]
[Result "1/2-1/2"]
[WhiteElo "2522"]
[BlackElo "2345"]
[Annotator "Clichy - Mulhouse"]
[PlyCount "83"]
[EventDate "2001.03.??"]

1. d4 d5 2. c4 c6 3. Nf3 Nf6 4. e3 Bf5 5. cxd5 cxd5 6. Qb3 Qc8 7. Bd2 e6 8.
Bb5+ Nbd7 9. Nc3 a6 10. Rc1 Qb8 11. Bxd7+ Nxd7 12. Nh4 Bg4 13. h3 Bh5 14. Ne2
Bd6 15. Bb4 O-O 16. Bxd6 Qxd6 17. Nf4 Bg6 18. Nhxg6 hxg6 19. O-O Nb6 20. Nd3
Nc4 21. Qc3 Qb6 22. b3 Nd6 23. Qc7 Qxc7 24. Rxc7 Rfc8 25. Rfc1 Kf8 26. Kh2 Ke8
27. Ne5 Rxc7 28. Rxc7 Rc8 29. Rxc8+ Nxc8 30. h4 Nd6 31. Kg1 Ne4 32. Nd3 b6 33.
Kf1 g5 34. hxg5 Nxg5 35. f3 f6 36. Nf4 Ke7 37. Ke2 Nf7 38. Kd2 Nd6 39. g4 g5
40. Nd3 Kd7 41. a4 a5 42. Kc3 1/2-1/2

[Event "FRA Team Ch"]
[Site "Mulhouse"]
[Date "2001.03.31"]
[Round "6.6"]
[White "Marzolo, Cyril"]
[Black "Apicella, Manuel"]
[Result "0-1"]
[WhiteElo "2378"]
[BlackElo "2518"]
[Annotator "Mulhouse - Clichy"]
[PlyCount "62"]
[EventDate "2001.03.??"]

1. d4 d5 2. c4 e6 3. Nf3 c6 4. Qc2 Bd6 5. Bg5 Ne7 6. e3 f6 7. Bh4 f5 8. Bd3 Na6
9. a3 Qa5+ 10. Nc3 Nb4 11. Qd1 Nxd3+ 12. Qxd3 dxc4 13. Qe2 b5 14. O-O Ng6 15.
Bg3 Bxg3 16. fxg3 O-O 17. e4 Qb6 18. Kh1 Bd7 19. Rad1 Rae8 20. Ng5 h6 21. Qh5
hxg5 22. Qxg6 Qd8 23. e5 Qe7 24. g4 Rd8 25. gxf5 exf5 26. d5 Qxe5 27. Qxg5 c5
28. d6 Bc6 29. Qe7 Rfe8 30. Qc7 Ba8 31. Rf2 Qxd6 0-1

[Event "FRA Team Ch"]
[Site "Mulhouse"]
[Date "2001.03.31"]
[Round "6.7"]
[White "Conquest, Stuart"]
[Black "Herb, Pascal"]
[Result "1-0"]
[WhiteElo "2546"]
[BlackElo "2312"]
[Annotator "Clichy - Mulhouse"]
[PlyCount "93"]
[EventDate "2001.03.??"]

1. e4 b6 2. d4 Bb7 3. Bd3 g6 4. Nf3 Bg7 5. c3 d6 6. Bg5 Nd7 7. Nbd2 h6 8. Be3
e5 9. Qb3 Ngf6 10. h3 O-O 11. O-O Qe7 12. Rfe1 Rfe8 13. a4 a5 14. Rac1 Qf8 15.
Qa2 Rac8 16. Qb1 Re7 17. dxe5 Nxe5 18. Nxe5 Rxe5 19. b4 axb4 20. cxb4 Re7 21.
Bf4 Nh5 22. Bh2 Be5 23. a5 Qg7 24. Bxe5 dxe5 25. a6 Ba8 26. b5 Rd8 27. Nf3 Qf6
28. Bc4 Nf4 29. Rcd1 Red7 30. Rxd7 Rxd7 31. Qb3 g5 32. Qc3 Re7 33. Qd2 Re8 34.
Qd7 Qe7 35. Nxe5 Qxd7 36. Nxd7 Kg7 37. f3 Rd8 38. Rd1 Ne6 39. Bxe6 fxe6 40. Kf2
c6 41. Ke2 cxb5 42. a7 Bc6 43. Nxb6 Rxd1 44. Kxd1 Kf6 45. a8=Q Bxa8 46. Nxa8
Ke5 47. Nc7 1-0

[Event "FRA Team Ch"]
[Site "Mulhouse"]
[Date "2001.03.31"]
[Round "6.8"]
[White "Muller, Anne"]
[Black "Renet, Olivier"]
[Result "0-1"]
[WhiteElo "2208"]
[BlackElo "2494"]
[Annotator "Mulhouse - Clichy"]
[PlyCount "66"]
[EventDate "2001.03.??"]

1. e4 c6 2. d4 d5 3. Nd2 dxe4 4. Nxe4 Nd7 5. Nf3 Ngf6 6. Ng3 e6 7. Bd3 c5 8.
O-O cxd4 9. Nxd4 Bc5 10. Nb3 Be7 11. Qe2 O-O 12. c4 Qc7 13. Rd1 Re8 14. Nd4 a6
15. b3 b6 16. Bb2 Bb7 17. Rac1 Qf4 18. a3 Bd6 19. b4 Rac8 20. Nb3 Bb8 21. Bd4
Qh4 22. Nf1 e5 23. Be3 e4 24. Bb1 Ne5 25. Kh1 Nd3 26. g3 Qh3 27. c5 Bd5 28. Nd4
bxc5 29. bxc5 Nxc1 30. Rxc1 Ba7 31. c6 Bxd4 32. Bxd4 e3+ 33. f3 Qg4 0-1

[Event "FRA Team Ch"]
[Site "Mulhouse"]
[Date "2001.03.31"]
[Round "6.2"]
[White "Roos, Louis"]
[Black "Bologan, Viktor"]
[Result "0-1"]
[WhiteElo "2381"]
[BlackElo "2684"]
[Annotator "Strasbourg - Gonfreville"]
[PlyCount "64"]
[EventDate "2001.03.??"]

1. e4 g6 2. d4 Bg7 3. Nc3 c6 4. Nf3 d6 5. h3 Nf6 6. Be2 O-O 7. O-O Qc7 8. Bf4
Nh5 9. Bh2 e5 10. Qd2 Nd7 11. Rad1 Re8 12. dxe5 dxe5 13. Ng5 Nf4 14. Bc4 Rf8
15. g3 Nxh3+ 16. Nxh3 Nb6 17. Bxf7+ Qxf7 18. Ng5 Qe7 19. f4 Bg4 20. Rde1 Rad8
21. Qg2 Nc4 22. b3 Nd2 23. Rf2 Qc5 24. Nd1 h6 25. Ne3 hxg5 26. b4 Qxb4 27. Nxg4
Nf3+ 28. Qxf3 Qxe1+ 29. Kg2 Rd4 30. Qb3+ Kh7 31. Bg1 Qxe4+ 32. Kh3 gxf4 0-1

[Event "FRA Team Ch"]
[Site "Mulhouse"]
[Date "2001.03.31"]
[Round "6.3"]
[White "Rausis, Igor"]
[Black "Mensch, Etienne"]
[Result "1/2-1/2"]
[WhiteElo "2525"]
[BlackElo "2313"]
[Annotator "Gonfreville - Strasbourg"]
[PlyCount "60"]
[EventDate "2001.03.??"]

1. e4 d6 2. d4 Nf6 3. Bd3 e5 4. c3 Nc6 5. Nf3 Bg4 6. d5 Ne7 7. c4 Ng6 8. h3
Bxf3 9. Qxf3 Nh4 10. Qg3 Nh5 11. Qg4 Nf4 12. Bf1 h5 13. Qg3 Rh6 14. Bxf4 exf4
15. Qxf4 Be7 16. Qe3 Bf6 17. Nc3 Ng6 18. f4 Bxc3+ 19. Qxc3 Nxf4 20. Qxg7 Rg6
21. Qh8+ Ke7 22. Qd4 Qh8 23. Qf2 Qe5 24. O-O-O Rag8 25. Qxa7 Qxe4 26. Qxb7 Rxg2
27. Qxc7+ Ke8 28. Qb8+ Ke7 29. Qc7+ Ke8 30. Qb8+ Ke7 1/2-1/2

[Event "FRA Team Ch"]
[Site "Mulhouse"]
[Date "2001.03.31"]
[Round "6.5"]
[White "Vallin, Guillaume"]
[Black "Roos, Daniel"]
[Result "0-1"]
[WhiteElo "2396"]
[BlackElo "2404"]
[Annotator "Gonfreville - Strasbourg"]
[PlyCount "124"]
[EventDate "2001.03.??"]

1. d4 d5 2. c4 c6 3. Nc3 Nf6 4. e3 g6 5. Nf3 Bg7 6. Bd3 O-O 7. h3 b6 8. O-O Bb7
9. Qe2 Nbd7 10. b3 Re8 11. Bb2 e6 12. Rad1 Qc7 13. Rc1 Rac8 14. b4 dxc4 15.
Bxc4 Qd6 16. a3 Qb8 17. Rfd1 Nd5 18. e4 Nxc3 19. Bxc3 Red8 20. Bd2 h6 21. Be3
Qa8 22. Ba6 Bf8 23. Bxb7 Qxb7 24. Ne1 Qa8 25. Nd3 a5 26. Ra1 axb4 27. axb4 Qb7
28. Qd2 Kh7 29. Qb2 Ra8 30. f3 Bg7 31. Qb3 Qc7 32. Rac1 Qd6 33. Qc4 Rac8 34.
Nb2 Bf8 35. b5 Qa3 36. Nd3 cxb5 37. Qxc8 Rxc8 38. Rxc8 b4 39. Rc7 Bd6 40. Rc6
Bb8 41. Rcc1 Bd6 42. e5 Bf8 43. Rc7 Qa4 44. Rb1 Qb5 45. Rb3 Kg7 46. Rc1 Nb8 47.
Rcb1 Nc6 48. Nxb4 Na5 49. R3b2 Nc4 50. Rb3 Na5 51. R3b2 Nc4 52. Rb3 Qa4 53. Bc1
Na5 54. R3b2 Qd1+ 55. Kf2 Qxd4+ 56. Be3 Qh4+ 57. Kf1 Nc4 58. Bf2 Qg5 59. h4 Qf5
60. g4 Qxf3 61. Re2 Qh1+ 62. Bg1 Bc5 0-1

[Event "FRA Team Ch"]
[Site "Mulhouse"]
[Date "2001.03.31"]
[Round "6.6"]
[White "Maier, Christian"]
[Black "Gouret, Thierry"]
[Result "1/2-1/2"]
[WhiteElo "2373"]
[BlackElo "2322"]
[Annotator "Strasbourg - Gonfreville"]
[PlyCount "79"]
[EventDate "2001.03.??"]

1. e4 d5 2. exd5 Nf6 3. d4 Bg4 4. Be2 Bxe2 5. Qxe2 Qxd5 6. Nf3 Nc6 7. O-O e6 8.
Bf4 O-O-O 9. Nc3 Qf5 10. Bg3 Bd6 11. Rad1 a6 12. Rfe1 Bxg3 13. hxg3 Rd7 14. Ne4
Nxe4 15. Qxe4 Qxe4 16. Rxe4 Rhd8 17. c3 Na5 18. Ne5 Re7 19. Rde1 Nc6 20. Nd3 b6
21. R1e2 Nb8 22. Ne5 Kb7 23. g4 Nd7 24. g5 Nxe5 25. Rxe5 Kc6 26. f4 Rd5 27.
R5e4 Kd6 28. c4 Ra5 29. b3 h6 30. gxh6 gxh6 31. Re5 f6 32. Rxa5 bxa5 33. Kf2 c5
34. Ke3 cxd4+ 35. Kxd4 e5+ 36. fxe5+ fxe5+ 37. Ke4 Kc5 38. Rd2 a4 39. bxa4 Kxc4
40. Rd6 1/2-1/2

[Event "FRA Team Ch"]
[Site "Mulhouse"]
[Date "2001.03.31"]
[Round "6.7"]
[White "Eliet, Nicolas"]
[Black "Herbrechtsmeier, Christof"]
[Result "1/2-1/2"]
[WhiteElo "2398"]
[BlackElo "2336"]
[Annotator "Gonfreville - Strasbourg"]
[PlyCount "88"]
[EventDate "2001.03.??"]

1. d4 Nf6 2. c4 e5 3. dxe5 Ne4 4. a3 b6 5. Nf3 Bb7 6. Nbd2 a5 7. Nxe4 Bxe4 8.
Qd4 Bb7 9. Qg4 Qe7 10. Bg5 Qe6 11. Qxe6+ dxe6 12. h4 Nd7 13. Bf4 h6 14. h5
O-O-O 15. e3 f6 16. exf6 gxf6 17. O-O-O Bg7 18. Be2 a4 19. Ne1 Nc5 20. Nd3 Nb3+
21. Kb1 Rd7 22. f3 Rhd8 23. e4 Ba6 24. Nc1 Rxd1 25. Rxd1 Rxd1 26. Bxd1 Bxc4 27.
Be2 Bxe2 28. Nxe2 b5 29. Be3 c6 30. Nd4 Nxd4 31. Bxd4 Kd7 32. Kc2 Ke8 33. Kc3
Kd7 34. f4 e5 35. fxe5 fxe5 36. Be3 Bf8 37. g4 Ke6 38. g5 hxg5 39. Bxg5 Kf7 40.
Kd3 Bc5 41. Bc1 Bd4 42. Kc2 Kg7 43. b3 axb3+ 44. Kxb3 c5 1/2-1/2

[Event "FRA Team Ch"]
[Site "Mulhouse"]
[Date "2001.03.31"]
[Round "6.8"]
[White "Roos, Jean-Luc"]
[Black "Depyl, Pascal"]
[Result "1-0"]
[WhiteElo "2264"]
[BlackElo "2172"]
[Annotator "Strasbourg - Gonfreville"]
[PlyCount "63"]
[EventDate "2001.03.??"]

1. e4 e6 2. d4 d5 3. e5 c5 4. c3 Nc6 5. Nf3 Bd7 6. Be2 Nge7 7. Na3 cxd4 8. cxd4
Nf5 9. Nc2 Qa5+ 10. Bd2 Qb6 11. Bc3 Be7 12. O-O O-O 13. Qd2 a5 14. Ne3 Nh6 15.
Bd3 f6 16. exf6 Bxf6 17. Rad1 Qc7 18. h3 Ne7 19. Ng4 Nxg4 20. hxg4 g6 21. Ne5
Bxe5 22. dxe5 Nc6 23. Qe3 Rab8 24. Rc1 b5 25. Bd4 Qd8 26. Bc5 Re8 27. Bd6 Rb7
28. Rc5 Na7 29. Rfc1 a4 30. Qh6 Nc8 31. Bxg6 Re7 32. Bxe7 1-0

[Event "FRA Team Ch"]
[Site "Mulhouse"]
[Date "2001.03.31"]
[Round "6.9"]
[White "Gervais, Claire"]
[Black "Chapelle, Emilie"]
[Result "1-0"]
[WhiteElo "2170"]
[BlackElo "2060"]
[Annotator "Gonfreville - Strasbourg"]
[PlyCount "69"]
[EventDate "2001.03.??"]

1. d4 Nf6 2. c4 e6 3. Nc3 Bb4 4. Qc2 c5 5. dxc5 Na6 6. a3 Bxc3+ 7. Qxc3 Nxc5 8.
f3 h6 9. e4 b6 10. Ne2 Bb7 11. Ng3 O-O 12. e5 Ne8 13. Be3 d6 14. Rd1 Qe7 15.
exd6 Nxd6 16. b4 Na6 17. Qe5 Rfd8 18. Bd3 f6 19. Qb2 Rac8 20. Qe2 Nb8 21. c5
bxc5 22. Bxc5 Rxc5 23. bxc5 Nf7 24. Rc1 Ne5 25. Bb5 Nbc6 26. O-O Nd4 27. Qb2
Nxb5 28. Qxb5 Bc6 29. Qa5 Nd3 30. Rfd1 Rd5 31. Rc3 Nf4 32. Rxd5 exd5 33. Kf2 d4
34. Rb3 d3 35. Qb4 1-0

[Event "FRA Team Ch"]
[Site "Mulhouse"]
[Date "2001.03.31"]
[Round "6.1"]
[White "Gofshtein, Leonid"]
[Black "Bauer, Christian"]
[Result "1/2-1/2"]
[WhiteElo "2531"]
[BlackElo "2618"]
[Annotator "Noyon - Nancy"]
[PlyCount "53"]
[EventDate "2001.03.??"]

1. e4 e6 2. d4 d5 3. Nc3 Bb4 4. e5 Ne7 5. Qg4 c5 6. Nf3 Nbc6 7. a3 Bxc3+ 8.
bxc3 Ng6 9. h4 h5 10. Qg3 Qa5 11. Bd2 c4 12. Ng5 Nce7 13. Qf3 Nf5 14. g3 f6 15.
exf6 gxf6 16. Nh3 e5 17. Qd1 e4 18. Be2 e3 19. Bxh5 exd2+ 20. Kxd2 Nfe7 21. Nf4
Bf5 22. Re1 Kf8 23. Bxg6 Nxg6 24. Qf3 Kf7 25. Reb1 Rab8 26. a4 Be4 27. Qg4
1/2-1/2

[Event "FRA Team Ch"]
[Site "Mulhouse"]
[Date "2001.03.31"]
[Round "6.3"]
[White "Moreno Carnero, Javier"]
[Black "Adrian, Claude"]
[Result "1-0"]
[WhiteElo "2483"]
[BlackElo "2381"]
[Annotator "Noyon - Nancy"]
[PlyCount "69"]
[EventDate "2001.03.??"]

1. e4 e6 2. d4 d5 3. Nc3 Bb4 4. e5 c5 5. a3 Bxc3+ 6. bxc3 Ne7 7. Nf3 b6 8. Bb5+
Bd7 9. Bd3 Ba4 10. O-O c4 11. Be2 h6 12. Nh4 g5 13. Nf3 Kd7 14. h3 Qg8 15. Nh2
Qg6 16. Bh5 Qxc2 17. Qxc2 Bxc2 18. f4 Nbc6 19. Ng4 Raf8 20. fxg5 hxg5 21. Rxf7
Rxf7 22. Bxf7 Nd8 23. Nf6+ Kc8 24. Bh5 Ng8 25. g4 Ne7 26. Bxg5 Bg6 27. Rf1 b5
28. Bxg6 Nxg6 29. Kh2 Nc6 30. Rb1 a6 31. Kg3 Kc7 32. h4 Kb6 33. Nd7+ Ka7 34. h5
Nf8 35. Bf6 1-0

[Event "FRA Team Ch"]
[Site "Mulhouse"]
[Date "2001.03.31"]
[Round "6.4"]
[White "Arkell, Keith C"]
[Black "Bezold, Michael"]
[Result "1/2-1/2"]
[WhiteElo "2442"]
[BlackElo "2510"]
[Annotator "Nancy-Noyon"]
[PlyCount "34"]
[EventDate "2001.03.??"]

1. d4 Nf6 2. Nf3 e6 3. c4 c5 4. d5 exd5 5. cxd5 Bd6 6. Nc3 Bc7 7. d6 Ba5 8. Bg5
h6 9. Bh4 Qb6 10. Bxf6 Qxb2 11. Bxg7 Rg8 12. Rb1 Bxc3+ 13. Bxc3 Qxc3+ 14. Nd2
Rg6 15. Rb3 Qg7 16. Re3+ Kf8 17. Rg3 b6 1/2-1/2

[Event "FRA Team Ch"]
[Site "Mulhouse"]
[Date "2001.03.31"]
[Round "6.5"]
[White "Peyrat, Olivier"]
[Black "Spielmann, Alain"]
[Result "1/2-1/2"]
[WhiteElo "2373"]
[BlackElo "2294"]
[Annotator "Noyon - Nancy"]
[PlyCount "69"]
[EventDate "2001.03.??"]

1. c4 Nf6 2. g3 c6 3. Nf3 d5 4. Bg2 Bg4 5. Ne5 e6 6. Nxg4 Nxg4 7. cxd5 exd5 8.
O-O Nf6 9. d3 Nbd7 10. e4 dxe4 11. dxe4 Ne5 12. Qb3 Bc5 13. Bf4 Nfg4 14. Bxe5
Nxe5 15. Qc2 Bb6 16. Nc3 Qd3 17. Qxd3 Nxd3 18. Na4 O-O-O 19. Nxb6+ axb6 20. b3
Nb4 21. a3 Nc2 22. Ra2 Nd4 23. b4 Nb5 24. Rc1 Rd4 25. Bf1 Nd6 26. f3 f6 27. Kf2
Rd8 28. Ke3 Nf7 29. Be2 Kb8 30. Rc3 b5 31. f4 Nd6 32. Bd3 Nc4+ 33. Ke2 Nd6 34.
Ke3 Nc4+ 35. Ke2 1/2-1/2

[Event "FRA Team Ch"]
[Site "Mulhouse"]
[Date "2001.03.31"]
[Round "6.6"]
[White "Philippe, Christophe"]
[Black "Marcelin, Cyril"]
[Result "0-1"]
[WhiteElo "2356"]
[BlackElo "2424"]
[Annotator "Nancy - Noyon"]
[PlyCount "140"]
[EventDate "2001.03.??"]

1. e4 c5 2. Nc3 Nc6 3. f4 e6 4. Nf3 a6 5. g3 b5 6. Bg2 Bb7 7. O-O b4 8. Ne2 Nf6
9. d3 Be7 10. h3 c4 11. Be3 cxd3 12. cxd3 d5 13. e5 Nd7 14. Rc1 Qa5 15. Qb3 Nc5
16. Bxc5 Bxc5+ 17. Kh2 Qb6 18. f5 Be3 19. Rb1 Na5 20. Qd1 exf5 21. d4 g6 22.
Qd3 Bh6 23. g4 fxg4 24. hxg4 Qb5 25. Qxb5+ axb5 26. g5 Bf8 27. b3 h6 28. Kg3
Nc6 29. Rb2 Ne7 30. Rh1 Bc8 31. Nf4 Bf5 32. Nd2 Be6 33. Kf2 Rc8 34. Bf1 Bd7 35.
Bg2 Be6 36. Bf1 Rb8 37. Bd3 Kd7 38. Rc2 Nf5 39. Nf3 Be7 40. gxh6 Rxh6 41. Rhc1
Rb7 42. Rc8 Bd8 43. R1c5 Rh8 44. Bxb5+ Rxb5 45. Rxd8+ Rxd8 46. Rxb5 Ra8 47.
Rxb4 Rxa2+ 48. Ne2 Rb2 49. Nh2 Kc7 50. Ng4 Ne7 51. Ne3 Nc6 52. Ra4 Rxb3 53. Nf4
Rb5 54. Kf3 Kb6 55. Ne2 Rb3 56. Kf2 Rd3 57. Nf4 Rd2+ 58. Ke1 Rxd4 59. Rxd4 Nxd4
60. Nfxd5+ Bxd5 61. Nxd5+ Kc5 62. e6 Nxe6 63. Nf6 Kd6 64. Kf2 Ke5 65. Ng4+ Kf4
66. Nh6 f5 67. Ng8 g5 68. Nf6 g4 69. Kg2 Kg5 70. Nd5 Nf4+ 0-1

[Event "FRA Team Ch"]
[Site "Mulhouse"]
[Date "2001.03.31"]
[Round "6.7"]
[White "Karr, Jean-Philippe"]
[Black "Taddei, Benoit"]
[Result "1-0"]
[WhiteElo "2383"]
[BlackElo "2306"]
[Annotator "Noyon- Nancy"]
[PlyCount "97"]
[EventDate "2001.03.??"]

1. d4 d5 2. c4 Nc6 3. cxd5 Qxd5 4. e3 e5 5. Nc3 Bb4 6. Bd2 Bxc3 7. Bxc3 exd4 8.
Ne2 Bg4 9. f3 Qg5 10. Nxd4 Bd7 11. Nxc6 Bxc6 12. Qd4 Ne7 13. Qe5 Qxe5 14. Bxe5
f6 15. Bc3 O-O-O 16. e4 Rhe8 17. g4 Ng6 18. Kf2 Ne5 19. Be2 Rd7 20. Rad1 Rde7
21. h4 g6 22. Rhe1 a6 23. b3 Kb8 24. Bb4 Re6 25. Rd4 Kc8 26. Bf1 g5 27. Be2 h6
28. Rh1 Nxg4+ 29. Kg3 Ne5 30. hxg5 fxg5 31. Rh2 Rd8 32. Rxd8+ Kxd8 33. Bf8 Nf7
34. Bc4 Rf6 35. Bg7 Rg6 36. Bc3 Ke8 37. e5 Bd7 38. Rd2 Nd8 39. Bd3 Rg8 40. Rh2
g4 41. f4 Nf7 42. f5 Bc6 43. e6 Ng5 44. Bd4 Bd5 45. Rxh6 Ke7 46. Bf6+ Ke8 47.
Bxg5 Rxg5 48. Rh7 Kd8 49. Rd7+ 1-0

[Event "FRA Team Ch"]
[Site "Mulhouse"]
[Date "2001.03.31"]
[Round "6.8"]
[White "Nezar, Mustapha"]
[Black "Solakian-Van Eyll, Jerome"]
[Result "1-0"]
[WhiteElo "2292"]
[BlackElo "2300"]
[Annotator "Nancy - Noyon"]
[PlyCount "79"]
[EventDate "2001.03.??"]

1. d4 Nf6 2. c4 g6 3. Nc3 Bg7 4. e4 O-O 5. Nf3 d6 6. Be2 e5 7. O-O Nc6 8. d5
Ne7 9. Ne1 Nd7 10. Be3 f5 11. f3 f4 12. Bf2 g5 13. a4 a5 14. Nd3 b6 15. Be1 Nf6
16. Nf2 h5 17. h3 Kh8 18. Nb5 Neg8 19. b4 Rf7 20. bxa5 bxa5 21. c5 Bf8 22. Na3
Nh6 23. Nc4 g4 24. Bxa5 gxh3 25. Nxh3 Rg7 26. Kh2 Nxe4 27. fxe4 Qh4 28. Ra3 Rg3
29. Be1 Bxh3 30. Rxg3 Bxg2+ 31. Kxg2 fxg3 32. Bxg3 Qxe4+ 33. Rf3 Ng4 34. Qd3
Qxd3 35. Bxd3 dxc5 36. Nxe5 Bg7 37. Nxg4 hxg4 38. Rf4 Bd4 39. Rxg4 Rxa4 40.
Be5+ 1-0

[Event "FRA Team Ch"]
[Site "Mulhouse"]
[Date "2001.03.31"]
[Round "6.9"]
[White "Wolfangel, Florence"]
[Black "Mourot, Clara"]
[Result "0-1"]
[WhiteElo "1870"]
[BlackElo "1900"]
[Annotator "Noyon - Nancy"]
[PlyCount "94"]
[EventDate "2001.03.??"]

1. d4 Nf6 2. c4 e5 3. dxe5 Ne4 4. a3 d6 5. Nf3 Nc6 6. exd6 Bxd6 7. e3 Bf5 8.
Be2 Qe7 9. Nbd2 O-O-O 10. Nxe4 Bxe4 11. Qa4 Kb8 12. O-O Ne5 13. Nxe5 Bxe5 14.
f4 Bf6 15. Bf3 Bxf3 16. Rxf3 Rd3 17. Ra2 Rhd8 18. Rf1 g5 19. b4 Qe6 20. Rc2 Rd1
21. Rcf2 R1d3 22. Rc2 Qe4 23. h3 h5 24. b5 g4 25. hxg4 hxg4 26. Qb4 Rd1 27.
Rcf2 Be7 28. Qa4 R1d3 29. Qc2 Bh4 30. Re2 Qe6 31. e4 R8d4 32. Be3 Rd8 33. e5
Be7 34. f5 Qd7 35. e6 fxe6 36. fxe6 Qd6 37. Qa4 Qxa3 38. Qxa3 Bxa3 39. Bxa7+
Kxa7 40. e7 Re8 41. Ra1 Kb6 42. Re4 Rxe7 43. Rf4 g3 44. Kf1 Bd6 45. Rf5 Rd4 46.
Rc1 Rf4+ 47. Rxf4 Bxf4 0-1